LEADER 01749oam 2200457zu 450 001 996206735203316 005 20210807003504.0 035 $a(CKB)111055184273344 035 $a(SSID)ssj0000394350 035 $a(PQKBManifestationID)12144073 035 $a(PQKBTitleCode)TC0000394350 035 $a(PQKBWorkID)10387241 035 $a(PQKB)11456628 035 $a(EXLCZ)99111055184273344 100 $a20160829d2001 uy 101 0 $aeng 181 $ctxt 182 $cc 183 $acr 200 10$aDIPED-2001 : proceedings of VIth International Seminar/Workshop on Direct and Inverse Problems of Electromagnetic and Acoustic Wave Theory : Lviv, September 18-20, 2001 210 31$a[Place of publication not identified]$cPidstryhach Institute of Applied Problems of Mechanics and Mathematics NASU$d2001 300 $aBibliographic Level Mode of Issuance: Monograph 311 $a966-02-1876-1 606 $aElectromagnetic waves$xScattering$vCongresses 606 $aSound-waves$vCongresses 606 $aPhysics$2HILCC 606 $aElectricity & Magnetism$2HILCC 606 $aPhysical Sciences & Mathematics$2HILCC 615 0$aElectromagnetic waves$xScattering 615 0$aSound-waves 615 7$aPhysics 615 7$aElectricity & Magnetism 615 7$aPhysical Sciences & Mathematics 676 $a539.2 712 02$aInstytut prykladnykh problem mekhaniky i matematyky im. I?A?.S. Pidstryhacha 712 12$aInternational Seminar/Workshop on Direct and Inverse Problems of Electromagnetic and Acoustic Wave Theory 801 0$bPQKB 906 $aPROCEEDING 912 $a996206735203316 996 $aDIPED-2001 : proceedings of VIth International Seminar$92545358 997 $aUNISA